书目信息 |
| 题名: |
云
|
|
| 作者: | 汉布林 著 ;李佳妮 译 | |
| 分册: | ||
| 出版信息: | 重庆 重庆出版社 2020 |
|
| 页数: | 242页, [1] 页图版 | |
| 开本: | 25cm | |
| 丛书名: | ||
| 单 册: | ||
| 中图分类: | P426.5 , P42 | |
| 科图分类: | ||
| 主题词: | 云--yun--普及读物 | |
| 电子资源: | ||
| ISBN: | 978-7-229-15179-9 | |
| 000 | 01047nam0 2200277 450 | |
| 001 | 2172711351 | |
| 005 | 20211112201159.51 | |
| 010 | @a978-7-229-15179-9@b精装@dCNY98.00 | |
| 100 | @a20210126d2020 em y0chiy50 ea | |
| 101 | 1 | @achi@ceng |
| 102 | @aCN@b500000 | |
| 105 | @aafg a 000yy | |
| 200 | 1 | @a云@Ayun@d= Clouds@f(英) 理查德·汉布林著@g李佳妮译@zeng |
| 210 | @a重庆@c重庆出版社@d2020 | |
| 215 | @a242页, [1] 页图版@c图 (部分彩图), 乐谱@d25cm | |
| 300 | @a三桅帆 002 | |
| 320 | @a有书目 (第228-231页) | |
| 330 | @a本书中首先展示了神话和隐喻中的云,早在人类文明的初期,在纸莎草或泥板上的古埃及与古巴比伦文字中,就有了以观察云来预示天气的记载。其次,对常见的和不常见的云的种类均进行了描述与分类。之后,介绍云在历代以来的文学、艺术、摄影、音乐领域的运用。最后讲述来日之云。 | |
| 500 | 10 | @aClouds@mChinese |
| 606 | 0 | @a云@Ayun@j普及读物 |
| 690 | @aP426.5@v5 | |
| 690 | @aP42@v4 | |
| 701 | 1 | @a汉布林@Ahan bu lin@g(Hamblyn, Richard)@4著 |
| 702 | 0 | @a李佳妮@Ali jia ni@4译 |
| 801 | 0 | @aCN@bBP@c20210126 |
| 905 | @aZUCC@dP42@e4 | |
| 云= Clouds/(英) 理查德·汉布林著/李佳妮译.-重庆:重庆出版社,2020 |
| 242页, [1] 页图版:图 (部分彩图), 乐谱;25cm |
| 三桅帆 002 |
| ISBN 978-7-229-15179-9(精装):CNY98.00 |
| 本书中首先展示了神话和隐喻中的云,早在人类文明的初期,在纸莎草或泥板上的古埃及与古巴比伦文字中,就有了以观察云来预示天气的记载。其次,对常见的和不常见的云的种类均进行了描述与分类。之后,介绍云在历代以来的文学、艺术、摄影、音乐领域的运用。最后讲述来日之云。 |
| ● |
| 相关链接 |
|
|
|
正题名:云
索取号:P42/4
 
预约/预借
| 序号 | 登录号 | 条形码 | 馆藏地/架位号 | 状态 | 备注 |
| 1 | 2000881690 | 2000881690 | 第三书库/ [索取号:P42/4] | 在馆 | |
| 2 | 2000881691 | 2000881691 | 第三书库/ [索取号:P42/4] | 在馆 | |
| 3 | 2000881692 | 2000881692 | 第三书库/ [索取号:P42/4] | 在馆 |